Statistics for Countries that Amazon doesn’t deliver to

Click here to take the quiz!

General Stats

  • This quiz has been taken 68 times
  • The average score is 3 of 5

Answer Stats

Answer% Correct
North Korea
100%
Iran
79%
Syria
75%
Cuba
56%
Sudan
29%

Score Distribution

Percentile by Number Answered

Percent of People with Each Score

Your Score History

You have not taken this quiz